000
00262nam a2200097 4500
245
_a
Philosophy of law : an introduction
_c
Thomas Morawetz
100
_a
Morawetz, Thomas
260
_a
New York
_b
Macmillan Pub.
_c
c1980
300
_a
x,238p.; 20cm.
082
_a
340.1
_b
MOR
999
_c
9415
_d
9415